[Event "2. Bundesliga West 2004/2005"]
[Site "Salzburg"]
[Date "2005.03.05"]
[Round "10.6"]
[White "Hugentobler, Patrik"]
[Black "Luther, Thomas"]
[Result "0-1"]
[WhiteElo "2237"]
[BlackElo "2533"]
[PlyCount "92"]
[EventDate "2004.10.16"]

1. e4 e6 2. d4 d5 3. Nc3 Nf6 4. e5 Nfd7 5. f4 c5 6. Nf3 Nc6 7. Be3 cxd4 8. Nxd4
Bc5 9. Qd2 O-O 10. O-O-O a6 11. h4 Qc7 12. h5 Bxd4 13. Bxd4 b5 14. Kb1 b4 15.
Na4 a5 16. h6 g6 17. Qf2 Nxd4 18. Qxd4 Ba6 19. b3 Rac8 20. Rc1 Bxf1 21. Rhxf1
Nc5 22. Qxc5 Qxc5 23. Nxc5 Rxc5 24. Rf3 Rfc8 25. Kb2 Kf8 26. Rd3 Ke7 27. c3 f6
28. a3 fxe5 29. axb4 axb4 30. fxe5 bxc3+ 31. Kc2 Rf8 32. Rf3 Rf5 33. Ra1 Rxe5
34. Ra7+ Kd6 35. Rxc3 Re2+ 36. Kd3 Re3+ 37. Kxe3 Rxc3+ 38. Kf4 e5+ 39. Kg5 Rc7
40. Ra6+ Kc5 41. Kf6 e4 42. Ke5 Re7+ 43. Kf6 Rb7 44. Ke5 e3 45. Ra5+ Kb4 46.
Ra1 Kc3 0-1

[Event "2. Bundesliga West 2004/2005"]
[Site "Salzburg"]
[Date "2005.03.05"]
[Round "10.6"]
[White "Dür, Werner"]
[Black "Doskocil, Klaus"]
[Result "1/2-1/2"]
[WhiteElo "2264"]
[BlackElo "2219"]
[PlyCount "42"]
[EventDate "2004.10.16"]

1. d4 d6 2. e4 g6 3. Nc3 Bg7 4. Be3 Nd7 5. Nf3 c6 6. Qd2 Qc7 7. Bd3 b5 8. O-O
Ngf6 9. Bh6 O-O 10. Bxg7 Kxg7 11. a4 b4 12. Ne2 a5 13. Ng3 c5 14. b3 cxd4 15.
Nxd4 Qc5 16. Nde2 Ne5 17. Kh1 Nfg4 18. Nf4 Bb7 19. h3 Nf6 20. Rae1 Rac8 21.
Nfe2 Nfd7 1/2-1/2

[Event "2. Bundesliga West 2004/2005"]
[Site "Salzburg"]
[Date "2005.03.05"]
[Round "10.6"]
[White "Bezler, Rainer"]
[Black "Lawitsch, Günther"]
[Result "0-1"]
[WhiteElo "2242"]
[BlackElo "2230"]
[PlyCount "36"]
[EventDate "2004.10.16"]

1. d4 d5 2. Nf3 Nf6 3. c4 c6 4. Nc3 dxc4 5. a4 Bf5 6. e3 e6 7. Bxc4 Bb4 8. O-O
Nbd7 9. Bd3 Bxd3 10. Qxd3 O-O 11. Rd1 Qa5 12. Bd2 e5 13. Ne4 exd4 14. Bxb4 Qxb4
15. Qxd4 Qxd4 16. Rxd4 Nxe4 17. Rxe4 Nc5 18. Rd4 Nb3 0-1

[Event "2. Bundesliga West 2004/2005"]
[Site "Salzburg"]
[Date "2005.03.05"]
[Round "10.6"]
[White "Jannasch, Franz"]
[Black "Maier, Peter"]
[Result "1/2-1/2"]
[WhiteElo "2180"]
[BlackElo "2182"]
[PlyCount "53"]
[EventDate "2004.10.16"]

1. d4 d6 2. e4 Nf6 3. Nc3 e5 4. Nf3 exd4 5. Nxd4 Be7 6. Be2 O-O 7. Be3 c6 8.
Qd2 a6 9. Bf3 Nbd7 10. Rd1 Ne5 11. Be2 d5 12. Nf3 Nxf3+ 13. Bxf3 dxe4 14. Qxd8
Rxd8 15. Rxd8+ Bxd8 16. Nxe4 Nxe4 17. Bxe4 Be6 18. b3 Bc7 19. g3 Bh3 20. Kd2
Be5 21. Rd1 Rd8+ 22. Ke2 Rxd1 23. Kxd1 Be6 24. Kd2 f5 25. Bd3 Kf7 26. f4 Bf6
27. c4 1/2-1/2

[Event "2. Bundesliga West 2004/2005"]
[Site "Salzburg"]
[Date "2005.03.05"]
[Round "10.6"]
[White "Mrsic, Robert"]
[Black "Kranewitter, N."]
[Result "1-0"]
[WhiteElo "2072"]
[BlackElo "2138"]
[PlyCount "93"]
[EventDate "2004.10.16"]

1. e4 c6 2. d4 d5 3. f3 e6 4. Nc3 Bb4 5. Bf4 Nf6 6. Qd3 b6 7. Nge2 Ba6 8. Qe3
c5 9. O-O-O dxe4 10. dxc5 Qc8 11. Nxe4 Bxc5 12. Nd6+ Bxd6 13. Bxd6 Nc6 14. Nc3
Bxf1 15. Rhxf1 Qb7 16. Qg5 O-O-O 17. Qxg7 Nd5 18. Nxd5 exd5 19. Bg3 h5 20. Rxd5
Qa6 21. Rfd1 Qxa2 22. Rxd8+ Rxd8 23. Rxd8+ Nxd8 24. Qc3+ Kd7 25. Qc7+ Ke8 26.
Bh4 Qa1+ 27. Kd2 Qa5+ 28. Kd1 Qd5+ 29. Ke1 Nc6 30. Qc8+ Nd8 31. Qxd8+ Qxd8 32.
Bxd8 Kxd8 33. Kd2 a5 34. Kc3 Kc7 35. Kd4 Kc6 36. g4 h4 37. h3 f6 38. f4 Kd6 39.
Kc4 Kc6 40. g5 b5+ 41. Kd4 fxg5 42. fxg5 Kd6 43. g6 Ke6 44. Kc5 b4 45. Kb5 Kf6
46. Kxa5 Kxg6 47. Kxb4 1-0

[Event "2. Bundesliga West 2004/2005"]
[Site "Salzburg"]
[Date "2005.03.06"]
[Round "11.1"]
[White "Ginsburg, Gennadij"]
[Black "Sandner, Gunter"]
[Result "1-0"]
[WhiteElo "2519"]
[BlackElo "2327"]
[PlyCount "67"]
[EventDate "2004.10.16"]

1. e4 g6 2. d4 Bg7 3. Nc3 d6 4. a4 Nd7 5. Nf3 c5 6. d5 Ngf6 7. Be2 a6 8. O-O
O-O 9. Nd2 Re8 10. h3 Rb8 11. a5 b5 12. axb6 Qxb6 13. Nc4 Qc7 14. Re1 Nb6 15.
Na5 e6 16. Bf4 exd5 17. exd5 Bd7 18. Bf3 Rxe1+ 19. Qxe1 Nc8 20. b3 Rb4 21. Nc4
a5 22. Bd2 Bf5 23. Ne3 Ne7 24. Na4 Rf4 25. Bxa5 Qa7 26. Nc3 Bxh3 27. Bd8 Qd7
28. Bxe7 Qxe7 29. Ra8+ Bf8 30. Ne2 Rxf3 31. gxf3 Nxd5 32. Nxd5 Qg5+ 33. Ng3
Qxd5 34. Qe8 1-0

[Event "2. Bundesliga West 2004/2005"]
[Site "Salzburg"]
[Date "2005.03.06"]
[Round "11.1"]
[White "Jacob, Volker"]
[Black "Hugentobler, Patrik"]
[Result "1-0"]
[WhiteElo "2280"]
[BlackElo "2237"]
[PlyCount "65"]
[EventDate "2004.10.16"]

1. d4 Nf6 2. c4 g6 3. Nc3 d5 4. Nf3 Bg7 5. Qb3 dxc4 6. Qxc4 O-O 7. e4 Nc6 8.
Be2 Bg4 9. d5 Na5 10. Qa4 Bxf3 11. Bxf3 c6 12. O-O cxd5 13. exd5 Rc8 14. g3 a6
15. Re1 Re8 16. Bg2 Nc4 17. Qb3 Nd6 18. Bf4 Qd7 19. Rac1 b5 20. a4 bxa4 21.
Nxa4 Rb8 22. Qa2 Qb7 23. Rc6 Qb4 24. Rec1 a5 25. R6c2 Nd7 26. Re2 Kf8 27. Rc6
Bf6 28. h4 Rb5 29. Rxd6 exd6 30. Bh6+ Bg7 31. Bxg7+ Kxg7 32. Rxe8 Nf6 33. Re2
1-0

[Event "2. Bundesliga West 2004/2005"]
[Site "Salzburg"]
[Date "2005.03.06"]
[Round "11.1"]
[White "Doskocil, Klaus"]
[Black "Egartner, Wolfgang"]
[Result "1-0"]
[WhiteElo "2219"]
[BlackElo "2128"]
[PlyCount "85"]
[EventDate "2004.10.16"]

1. e4 c6 2. d4 d5 3. f3 dxe4 4. fxe4 e5 5. Nf3 Be6 6. c3 Nd7 7. Bd3 Qc7 8. O-O
O-O-O 9. Qe2 f6 10. Be3 Kb8 11. a4 h5 12. Na3 Nh6 13. Kh1 Ng4 14. Bg1 Bd6 15.
d5 Bf7 16. b4 Ka8 17. dxc6 Qxc6 18. Nb5 Bb8 19. c4 Nf8 20. c5 Ne6 21. g3 Bg6
22. Nh4 Bh7 23. Nc3 Ng5 24. b5 Qd7 25. Rfd1 Nh3 26. Bc4 Qc8 27. c6 Nxg1 28.
Kxg1 bxc6 29. Rac1 Qc7 30. Rxd8 Qb6+ 31. Kh1 Rxd8 32. bxc6 Bc7 33. h3 Ne3 34.
Bd5 Qd4 35. Nf3 Qc5 36. Qb2 Rb8 37. Nb5 Qb6 38. Qf2 Nxd5 39. exd5 Qa5 40. d6
Bb6 41. Qe2 Bf5 42. c7 Rh8 43. d7 1-0

[Event "2. Bundesliga West 2004/2005"]
[Site "Salzburg"]
[Date "2005.03.06"]
[Round "11.1"]
[White "Jenul, Reinhold"]
[Black "Bezler, Rainer"]
[Result "0-1"]
[WhiteElo "2119"]
[BlackElo "2242"]
[PlyCount "70"]
[EventDate "2004.10.16"]

1. d4 Nf6 2. c4 g6 3. Nc3 Bg7 4. Nf3 O-O 5. g3 d6 6. Bg2 Nbd7 7. O-O c6 8. e4
e5 9. d5 cxd5 10. cxd5 Nc5 11. Re1 Qb6 12. h3 Bd7 13. Qe2 Rfc8 14. Rb1 Nfxe4
15. Nxe4 Nxe4 16. Qxe4 Bf5 17. Qe2 Bxb1 18. Be3 Rc2 19. Qf1 Qxb2 20. Rxb1 Qxa2
21. Rxb7 a5 22. Qb5 Qc4 23. Qd7 Rf8 24. Ra7 h6 25. Qxd6 Qc3 26. Qa6 e4 27. Nh4
Bd4 28. Bxd4 Qxd4 29. Ra8 Qxf2+ 30. Kh2 Rc1 31. Rxf8+ Kxf8 32. Qd6+ Kg8 33.
Qb8+ Kh7 34. g4 Qg1+ 35. Kg3 Rc3+ 0-1

[Event "2. Bundesliga West 2004/2005"]
[Site "Salzburg"]
[Date "2005.03.06"]
[Round "11.2"]
[White "Braun, Arik"]
[Black "Teske, Henrik"]
[Result "1/2-1/2"]
[WhiteElo "2473"]
[BlackElo "2542"]
[PlyCount "94"]
[EventDate "2004.10.16"]

1. d4 Nf6 2. c4 e6 3. Nc3 Bb4 4. e3 O-O 5. Nge2 d5 6. a3 Be7 7. Nf4 c6 8. b3
Nbd7 9. Bb2 b6 10. Be2 Bb7 11. O-O Bd6 12. cxd5 cxd5 13. a4 Ne4 14. Nb5 Bxf4
15. exf4 a6 16. Na3 Qc7 17. Qc1 Qxc1 18. Rfxc1 Rfc8 19. f3 Nd6 20. Nc2 Nf5 21.
Kf2 Kf8 22. Bd3 g6 23. h4 h5 24. g4 Ng7 25. a5 b5 26. f5 hxg4 27. fxg6 gxf3 28.
Kxf3 fxg6 29. Bxg6 Ke7 30. Ne3 e5 31. h5 e4+ 32. Ke2 b4 33. Rxc8 Rxc8 34. Rf1
Nf6 35. h6 Ngh5 36. Nf5+ Ke6 37. Bc1 Bc6 38. Rh1 Be8 39. Bxe8 Rxe8 40. Ng7+
Nxg7 41. hxg7 Kf7 42. Rg1 Rc8 43. Bf4 Rc2+ 44. Ke3 Rc3+ 45. Kd2 Rxb3 46. Be5
Ng8 47. Kc2 Ra3 1/2-1/2

[Event "2. Bundesliga West 2004/2005"]
[Site "Salzburg"]
[Date "2005.03.06"]
[Round "11.2"]
[White "Luther, Thomas"]
[Black "Bezold, Michael"]
[Result "1-0"]
[WhiteElo "2533"]
[BlackElo "2532"]
[PlyCount "99"]
[EventDate "2004.10.16"]

1. e4 d6 2. d4 Nf6 3. Nc3 e5 4. Nf3 Nbd7 5. Bc4 Be7 6. O-O O-O 7. a4 c6 8. Re1
a5 9. h3 exd4 10. Qxd4 Nc5 11. Bf4 Ne6 12. Bxe6 Bxe6 13. Rad1 Ne8 14. Qe3 Bd7
15. Nd4 Bf6 16. Nb3 Be7 17. Re2 Qc8 18. Red2 f6 19. Nc5 Rf7 20. Nxd7 Qxd7 21.
Ne2 g6 22. c4 Qe6 23. b3 f5 24. Ng3 Qf6 25. exf5 gxf5 26. Qf3 Bf8 27. Rd3 Qg6
28. Nh5 Nf6 29. Nxf6+ Rxf6 30. Qe3 Re8 31. Qd2 Kh8 32. Qxa5 Re4 33. Qd2 Rfe6
34. Re3 h5 35. Rxe4 fxe4 36. a5 Kh7 37. b4 Qf5 38. Bg5 Rg6 39. h4 Bh6 40. Qe3
Bxg5 41. hxg5 d5 42. cxd5 cxd5 43. Rc1 Rxg5 44. Rc7+ Kh6 45. Qc3 Rg8 46. Rxb7
h4 47. Rb6+ Kh5 48. Qf6 Qc8 49. Rc6 Qb8 50. Qf7+ 1-0

[Event "2. Bundesliga West 2004/2005"]
[Site "Salzburg"]
[Date "2005.03.06"]
[Round "11.2"]
[White "Grabher, Heinz"]
[Black "Dür, Werner"]
[Result "1/2-1/2"]
[WhiteElo "2271"]
[BlackElo "2264"]
[PlyCount "35"]
[EventDate "2004.10.16"]

1. e4 c6 2. Nc3 d5 3. d4 dxe4 4. Nxe4 Nd7 5. Nf3 Ngf6 6. Ng3 c5 7. dxc5 e6 8.
c6 bxc6 9. Be2 c5 10. O-O Qc7 11. b3 Be7 12. Bb2 O-O 13. Qd2 Bb7 14. Qc3 a5 15.
a4 Nb6 16. Ne5 Nbd5 17. Qd2 Bd6 18. Nc4 1/2-1/2

[Event "2. Bundesliga West 2004/2005"]
[Site "Salzburg"]
[Date "2005.03.06"]
[Round "11.2"]
[White "Lawitsch, Günther"]
[Black "Feistenauer, Fred"]
[Result "1/2-1/2"]
[WhiteElo "2230"]
[BlackElo "2284"]
[PlyCount "25"]
[EventDate "2004.10.16"]

1. Nf3 Nc6 2. c4 e5 3. Nc3 f5 4. d4 e4 5. Ng5 Bb4 6. Nh3 d6 7. Bg5 Bxc3+ 8.
bxc3 Nf6 9. Nf4 h6 10. Bxf6 Qxf6 11. e3 O-O 12. h4 b6 13. Rc1 1/2-1/2

[Event "2. Bundesliga West 2004/2005"]
[Site "Salzburg"]
[Date "2005.03.06"]
[Round "11.2"]
[White "Atlas, Dimitry"]
[Black "Jannasch, Franz"]
[Result "1-0"]
[WhiteElo "2286"]
[BlackElo "2180"]
[PlyCount "97"]
[EventDate "2004.10.16"]

1. e4 Nf6 2. e5 Nd5 3. d4 d6 4. c4 Nb6 5. exd6 cxd6 6. Nf3 Bg4 7. Be2 Nc6 8.
Nbd2 e6 9. O-O Be7 10. h3 Bf5 11. b3 O-O 12. Bb2 Nb4 13. Ne1 Bf6 14. Ndf3 Re8
15. Qd2 Nc6 16. Bd3 Bxd3 17. Nxd3 d5 18. c5 Nd7 19. b4 b5 20. a4 a6 21. Bc3 Qc7
22. Ra3 g6 23. Rfa1 Rab8 24. axb5 axb5 25. Qf4 Qb7 26. Ra6 Ra8 27. Rxa8 Rxa8
28. Rxa8+ Qxa8 29. Qc7 Nf8 30. Nde5 Nxe5 31. dxe5 Bd8 32. Qd6 h5 33. Kh2 Qc8
34. c6 Bc7 35. Qe7 Nh7 36. g3 Qb8 37. Bd4 Kg7 38. Bc5 h4 39. Bd6 Qb6 40. Kg2
hxg3 41. Kxg3 Bd8 42. Qb7 Bh4+ 43. Nxh4 Qd4 44. Nf3 Qe4 45. Qe7 d4 46. c7 g5
47. Nxg5 Qg6 48. Qxf7+ Qxf7 49. Nxf7 1-0

[Event "2. Bundesliga West 2004/2005"]
[Site "Salzburg"]
[Date "2005.03.06"]
[Round "11.2"]
[White "Kranewitter, N."]
[Black "Burschowsky, M."]
[Result "0-1"]
[WhiteElo "2138"]
[BlackElo "2164"]
[PlyCount "98"]
[EventDate "2004.10.16"]

1. Nf3 Nf6 2. c4 d5 3. cxd5 Nxd5 4. e4 Nb6 5. d4 Bg4 6. Be2 e6 7. O-O Be7 8.
Nc3 O-O 9. Be3 N8d7 10. Rc1 c6 11. h3 Bxf3 12. gxf3 Bd6 13. f4 Qh4 14. e5 Bb4
15. Kh2 Bxc3 16. bxc3 Nd5 17. Qd2 Rfd8 18. Rg1 c5 19. Rg5 cxd4 20. cxd4 Rac8
21. Rcg1 g6 22. Bh5 f5 23. Bd1 N7b6 24. Bb3 Rc3 25. R1g3 Rdc8 26. Qd1 Kf7 27.
Qf3 Nc4 28. Qg2 Qh6 29. h4 Rc7 30. Bxc4 R7xc4 31. h5 Rb4 32. Rh3 Qg7 33. hxg6+
hxg6 34. Rhg3 Rc8 35. Rxf5+ Ke7 36. Rfg5 Rh8+ 37. Rh3 Rxh3+ 38. Qxh3 Rb2 39. a3
Ra2 40. Qg3 Qh6+ 41. Kg2 Nxe3+ 42. Qxe3 Ra1 43. f5 Qh1+ 44. Kg3 Rg1+ 45. Kf4
Qh4+ 46. Kf3 Qxg5 47. f6+ Kd7 48. Qb3 Qg4+ 49. Ke3 Re1+ 0-1

[Event "2. Bundesliga West 2004/2005"]
[Site "Salzburg"]
[Date "2005.03.06"]
[Round "11.3"]
[White "Heinzel, Olaf"]
[Black "Schmidt, Georg"]
[Result "0-1"]
[WhiteElo "2402"]
[BlackElo "2364"]
[PlyCount "66"]
[EventDate "2004.10.16"]

1. Nf3 g6 2. d4 Bg7 3. Bf4 d6 4. h3 Nd7 5. e3 Ngf6 6. Be2 O-O 7. O-O b6 8. a4
a6 9. Nbd2 Bb7 10. Bh2 Re8 11. c3 Ne4 12. Nxe4 Bxe4 13. Nd2 Bb7 14. f4 f5 15.
Bf3 d5 16. g4 e6 17. g5 c6 18. Bg3 b5 19. h4 c5 20. Qe2 Bc6 21. Qg2 Nb6 22.
axb5 axb5 23. dxc5 Nc4 24. Nb3 Nxe3 25. Qd2 Nxf1 26. Rxf1 Qc7 27. Nd4 Bxd4+ 28.
Qxd4 Ra4 29. Qd2 d4 30. Bd1 dxc3 31. Qxc3 Rc4 32. Qe3 Bb7 33. Bb3 Qc6 0-1

[Event "2. Bundesliga West 2004/2005"]
[Site "Salzburg"]
[Date "2005.03.06"]
[Round "11.3"]
[White "Panteleev, Petar"]
[Black "Bayer, Bernhard"]
[Result "0-1"]
[WhiteElo "2295"]
[BlackElo "2300"]
[PlyCount "57"]
[EventDate "2004.10.16"]

1. Nf3 d5 2. d4 Nf6 3. c4 e6 4. g3 Be7 5. Bg2 O-O 6. O-O b6 7. Ne5 Bb7 8. b3
Qc8 9. cxd5 exd5 10. Bb2 Rd8 11. Nd2 c5 12. Rc1 Na6 13. Nd3 Qf5 14. Nf4 Ne4 15.
dxc5 bxc5 16. a3 Nxd2 17. Qxd2 Rab8 18. e3 d4 19. Bxb7 Rxb7 20. exd4 Rxb3 21.
Qe2 Bf8 22. Qxa6 Rxb2 23. Nd3 Rb6 24. Qxa7 Rh6 25. Nf4 g5 26. Ng2 Qh3 27. Rfd1
Qxh2+ 28. Kf1 Qh1+ 29. Ke2 0-1

[Event "2. Bundesliga West 2004/2005"]
[Site "Salzburg"]
[Date "2005.03.06"]
[Round "11.3"]
[White "Fuchs, Georg"]
[Black "Opl, Klaus"]
[Result "0-1"]
[WhiteElo "2281"]
[BlackElo "2305"]
[PlyCount "52"]
[EventDate "2004.10.16"]

1. e4 e5 2. Nf3 Nc6 3. d4 exd4 4. Nxd4 Nf6 5. Nxc6 bxc6 6. Bd3 d5 7. Bg5 dxe4
8. Bxf6 Qxf6 9. Qe2 Be7 10. Qxe4 Bb7 11. Nd2 O-O-O 12. O-O-O Kb8 13. Nb3 Rhe8
14. Qa4 Qxf2 15. Rhf1 Qe3+ 16. Kb1 Bf6 17. Rf5 Re5 18. Rf4 Qb6 19. Rb4 Rb5 20.
a3 Rxb4 21. axb4 Be7 22. c3 c5 23. b5 c6 24. bxc6 Bxc6 25. Qf4+ Qc7 26. Qxf7
Bd5 0-1

[Event "2. Bundesliga West 2004/2005"]
[Site "Salzburg"]
[Date "2005.03.06"]
[Round "11.3"]
[White "Peterwagner, Heinz"]
[Black "Kondrak, Christof"]
[Result "1-0"]
[WhiteElo "2214"]
[BlackElo "2189"]
[PlyCount "117"]
[EventDate "2004.10.16"]

1. e4 c5 2. Nf3 Nc6 3. d4 cxd4 4. Nxd4 e6 5. Nc3 a6 6. Be2 Nf6 7. O-O Be7 8.
Be3 O-O 9. Nb3 b5 10. a3 Bb7 11. f4 d6 12. Qe1 Rc8 13. Bf3 b4 14. axb4 Nxb4 15.
Qf2 d5 16. Rfd1 Qc7 17. e5 Nd7 18. Rd2 Nc5 19. Nd4 Rfd8 20. Qg3 Nc6 21. Nce2
Nxd4 22. Nxd4 Nd7 23. Re1 Bc5 24. Bg4 Re8 25. c3 Bxd4 26. Bxd4 Nc5 27. Rde2 Qe7
28. f5 exf5 29. Bxf5 Ne6 30. Rf2 Rc6 31. Ref1 Rf8 32. Bd3 Bc8 33. Rf6 Nxd4 34.
cxd4 Re6 35. R6f4 Rh6 36. Qf3 Be6 37. Bxa6 Qa7 38. Bd3 Rb8 39. Qf2 Rb3 40. Bc2
Rb4 41. h4 Qe7 42. b3 Rb7 43. Ra1 Rb8 44. Qg3 Qd8 45. Rf6 Qb6 46. Rxh6 Qxd4+
47. Kh2 g6 48. Rd1 Qg4 49. Qe3 Rb4 50. Rf1 Kg7 51. h5 d4 52. Qd2 d3 53. Bxd3
Qh4+ 54. Kg1 Qd4+ 55. Rf2 Rxb3 56. Rxh7+ Kg8 57. Qh6 Qa1+ 58. Bf1 Qxe5 59. hxg6
1-0

[Event "2. Bundesliga West 2004/2005"]
[Site "Salzburg"]
[Date "2005.03.06"]
[Round "11.3"]
[White "Fürlinger, Harald"]
[Black "Mroz, Thomas"]
[Result "1/2-1/2"]
[WhiteElo "2074"]
[BlackElo "2105"]
[PlyCount "86"]
[EventDate "2004.10.16"]

1. e4 e6 2. d4 d5 3. exd5 exd5 4. Bd3 Bd6 5. Nf3 Nf6 6. O-O O-O 7. Bg5 Bg4 8.
h3 Bh5 9. Nbd2 Nbd7 10. c3 c6 11. Re1 Qc7 12. Qc2 Bg6 13. Bxg6 hxg6 14. Re2
Rfe8 15. Rae1 Rxe2 16. Rxe2 Re8 17. Rxe8+ Nxe8 18. c4 dxc4 19. Nxc4 Nef6 20.
Nxd6 Qxd6 21. Bh4 Qd5 22. b3 Ne4 23. Bg3 Nxg3 24. fxg3 Nf6 25. Qd2 Qd6 26. g4
Nd5 27. Ne5 Nc7 28. Qf4 Qe7 29. Nf3 a6 30. Qe5 Qd7 31. Kf1 f6 32. Qe4 g5 33. h4
gxh4 34. g5 Qe6 35. Qxh4 fxg5 36. Qxg5 Qf6 37. Qg3 Qe7 38. Ne5 Ne6 39. Nf3 Qa3
40. Qb8+ Kh7 41. Qh2+ Kg8 42. Qb8+ Kh7 43. Qh2+ Kg8 1/2-1/2

[Event "2. Bundesliga West 2004/2005"]
[Site "Salzburg"]
[Date "2005.03.06"]
[Round "11.3"]
[White "Hamberger, Hermann"]
[Black "Fuchs, Stefan"]
[Result "1/2-1/2"]
[WhiteElo "2162"]
[BlackElo "2106"]
[PlyCount "39"]
[EventDate "2004.10.16"]

1. e4 e5 2. Nf3 Nc6 3. Bc4 Bc5 4. c3 Nf6 5. d4 exd4 6. b4 Be7 7. e5 Ne4 8. b5
Na5 9. Bd3 d5 10. cxd4 Bb4+ 11. Bd2 Nxd2 12. Nbxd2 Nc4 13. Qc2 Nxd2 14. Nxd2
Qg5 15. g3 Qg4 16. O-O Qxd4 17. Nb3 Qc3 18. Qxc3 Bxc3 19. Rac1 d4 20. Be4
1/2-1/2

[Event "2. Bundesliga West 2004/2005"]
[Site "Salzburg"]
[Date "2005.03.06"]
[Round "11.4"]
[White "Halasz, Tamas"]
[Black "Dovzik, Juri"]
[Result "1/2-1/2"]
[WhiteElo "2383"]
[BlackElo "2434"]
[PlyCount "25"]
[EventDate "2004.10.16"]

1. d4 c6 2. c4 d5 3. e3 Nf6 4. Nc3 a6 5. Nf3 b5 6. cxb5 cxb5 7. Bd3 e6 8. O-O
Bb7 9. a3 Be7 10. b4 Nbd7 11. Qb3 O-O 12. a4 Bc6 13. Bd2 1/2-1/2

[Event "2. Bundesliga West 2004/2005"]
[Site "Salzburg"]
[Date "2005.03.06"]
[Round "11.4"]
[White "Bensch, Patrick"]
[Black "Blaskowski, Johannes"]
[Result "1/2-1/2"]
[WhiteElo "2295"]
[BlackElo "2385"]
[PlyCount "38"]
[EventDate "2004.10.16"]

1. e4 c5 2. Nf3 e6 3. d4 cxd4 4. Nxd4 Nf6 5. Nc3 d6 6. Bc4 Be7 7. Bb3 Nc6 8. f4
O-O 9. Be3 a6 10. Qf3 Qc7 11. f5 Kh8 12. Qh3 d5 13. exd5 exd5 14. O-O-O Bc5 15.
Rhe1 Rd8 16. Qf3 Ne5 17. Qf1 Nc6 18. Qf3 Ne5 19. Qf1 Nc6 1/2-1/2

[Event "2. Bundesliga West 2004/2005"]
[Site "Salzburg"]
[Date "2005.03.06"]
[Round "11.4"]
[White "Grundherr, Mart"]
[Black "Webersberger, Johann"]
[Result "1/2-1/2"]
[WhiteElo "2315"]
[BlackElo "2233"]
[PlyCount "62"]
[EventDate "2004.10.16"]

1. Nf3 Nf6 2. c4 g6 3. b4 Bg7 4. Bb2 O-O 5. e3 c6 6. Be2 d6 7. d4 e5 8. dxe5
Ng4 9. O-O Nxe5 10. Nxe5 dxe5 11. Qxd8 Rxd8 12. Nc3 Na6 13. Rfd1 Be6 14. a3 f5
15. Na4 Rxd1+ 16. Rxd1 Rc8 17. Rd6 Kf7 18. f4 Bf8 19. Rd2 exf4 20. exf4 Bg7 21.
Kf2 c5 22. Bxg7 Kxg7 23. Bf3 Rc7 24. b5 Nb8 25. Bd5 Bxd5 26. Rxd5 Nd7 27. Kf3
b6 28. Nc3 Nf6 29. Rd6 Rd7 30. Rxd7+ Nxd7 31. Nd5 Kf7 1/2-1/2

[Event "2. Bundesliga West 2004/2005"]
[Site "Salzburg"]
[Date "2005.03.06"]
[Round "11.4"]
[White "Ager, Josef"]
[Black "Astl, Peter"]
[Result "0-1"]
[WhiteElo "2222"]
[BlackElo "2233"]
[PlyCount "100"]
[EventDate "2004.10.16"]

1. d4 d5 2. Nf3 Nf6 3. g3 Bf5 4. Bg2 e6 5. O-O h6 6. c4 c6 7. Nc3 Nbd7 8. cxd5
exd5 9. Nh4 Bh7 10. Bh3 g5 11. Bxd7+ Qxd7 12. Ng2 Bd6 13. f3 O-O-O 14. Rf2 Rde8
15. Qf1 Qh3 16. Ne3 Qe6 17. Bd2 Nh5 18. Qg2 f5 19. Nf1 Nf6 20. f4 g4 21. e3 h5
22. Re2 Bg6 23. a3 h4 24. Be1 hxg3 25. Bxg3 Kb8 26. b4 Re7 27. Rb1 Be8 28. Rc2
Rc7 29. Na4 b6 30. Nc5 Bxc5 31. bxc5 b5 32. Rcb2 Ne4 33. Rb3 a5 34. Rd3 Ra7 35.
Rb2 Bd7 36. Nd2 Nxd2 37. Qxd2 Qe4 38. Rc3 Kc7 39. Qd3 Be6 40. Qxe4 dxe4 41. Rc1
Bc4 42. Be1 Bd3 43. Rg2 Rh3 44. Rg3 Rh7 45. Rg2 Kd7 46. Ra1 Ke6 47. Raa2 Kd5
48. Rab2 Kc4 49. Ra2 b4 50. Ra1 b3 0-1

[Event "2. Bundesliga West 2004/2005"]
[Site "Salzburg"]
[Date "2005.03.06"]
[Round "11.4"]
[White "Eybl, Alexander"]
[Black "Hackbarth, Wolfgang"]
[Result "1-0"]
[WhiteElo "2259"]
[BlackElo "2137"]
[PlyCount "105"]
[EventDate "2004.10.16"]

1. d4 Nf6 2. Bg5 g6 3. Bxf6 exf6 4. e3 Bg7 5. g3 d6 6. Bg2 c6 7. c4 O-O 8. Nc3
f5 9. Nge2 Nd7 10. O-O Nf6 11. b4 a6 12. Nf4 Re8 13. Qc2 Qc7 14. c5 d5 15. Na4
h5 16. Nb6 Rb8 17. h4 Nd7 18. Nxd7 Bxd7 19. a4 Qd8 20. Rfe1 Bh6 21. Bf3 Qf6 22.
Qc3 Re7 23. Kg2 Rbe8 24. Nd3 Qg7 25. Ne5 f6 26. Nxd7 Rxd7 27. b5 axb5 28. axb5
Qf7 29. bxc6 bxc6 30. Ra6 Rc8 31. Rb1 g5 32. Rh1 g4 33. Bd1 Kg7 34. Bc2 Qe6 35.
Qd3 Kg6 36. Rb1 Rdc7 37. Rbb6 Bf8 38. Qb3 Bh6 39. Bd3 Re7 40. Ra2 Kf7 41. Qb1
Kg6 42. Ba6 Ra8 43. Rab2 Rc7 44. Rb7 Rxb7 45. Bxb7 Ra3 46. Rb3 Rxb3 47. Qxb3
Qe4+ 48. Kg1 f4 49. gxf4 g3 50. Bxc6 Qf3 51. Qc2+ Kf7 52. Qa2 Ke6 53. Bxd5+ 1-0

[Event "2. Bundesliga West 2004/2005"]
[Site "Salzburg"]
[Date "2005.03.06"]
[Round "11.4"]
[White "Maierhofer, Johann"]
[Black "Mittelberger, Peter"]
[Result "1/2-1/2"]
[WhiteElo "2136"]
[BlackElo "2257"]
[PlyCount "90"]
[EventDate "2004.10.16"]

1. e4 d6 2. c4 Nf6 3. Nc3 g6 4. g3 Bg7 5. Bg2 O-O 6. Nge2 c5 7. O-O Nc6 8. d3
a6 9. Rb1 Rb8 10. a3 Nd4 11. b4 Bd7 12. bxc5 Nxe2+ 13. Nxe2 dxc5 14. Bf4 Rc8
15. Rxb7 Bc6 16. Rb1 Qa5 17. Qc1 Rfd8 18. Rd1 Ba4 19. Rd2 Nd7 20. Bh3 e6 21.
Bg5 Re8 22. f4 Rb8 23. Rxb8 Rxb8 24. e5 Rb3 25. Bg2 Rb1 26. Qxb1 Qxd2 27. Bf3
Qe3+ 28. Kg2 Bf8 29. Bd8 Qd2 30. Qc1 Qxd3 31. Qc3 Nxe5 32. Qxd3 Nxd3 33. Bb7
Ne1+ 34. Kf2 Nc2 35. Bxa6 Nxa3 36. Ke3 Nc2+ 37. Kd2 Nb4 38. Bb5 Bc2 39. Ba5 Be4
40. Nc3 Bg2 41. Bb6 Nc6 42. Na4 Nd4 43. Ba6 Nf3+ 44. Ke2 Nxh2 45. Nxc5 h6
1/2-1/2

[Event "2. Bundesliga West 2004/2005"]
[Site "Salzburg"]
[Date "2005.03.06"]
[Round "11.5"]
[White "Dizdar, Goran"]
[Black "Volke, Karsten"]
[Result "1-0"]
[WhiteElo "2535"]
[BlackElo "2483"]
[PlyCount "81"]
[EventDate "2004.10.16"]

1. Nf3 Nf6 2. g3 c5 3. c4 b6 4. Bg2 Bb7 5. O-O g6 6. b3 Bg7 7. Bb2 O-O 8. d4
cxd4 9. Qxd4 d6 10. Nc3 Nbd7 11. Rfd1 Rc8 12. Rac1 Rc5 13. Ne1 Bxg2 14. Kxg2
Nd5 15. Qd2 Nxc3 16. Bxc3 Bxc3 17. Rxc3 Nf6 18. f3 Qc8 19. Nd3 Rc7 20. e4 Qb7
21. e5 dxe5 22. Nxe5 Rfc8 23. Rd3 b5 24. Qh6 Qa8 25. cxb5 Qb8 26. R1d2 Qxb5 27.
Rd8+ Rxd8 28. Rxd8+ Ne8 29. Nd7 Qxd7 30. Rxd7 Rxd7 31. Kf2 Nd6 32. Qc1 h5 33.
Qc6 Rd8 34. Qc7 Rc8 35. Qxa7 Rc2+ 36. Kg1 Nf5 37. a4 Kh7 38. a5 h4 39. g4 Rc1+
40. Kg2 Rc2+ 41. Kh3 1-0

[Event "2. Bundesliga West 2004/2005"]
[Site "Salzburg"]
[Date "2005.03.06"]
[Round "11.5"]
[White "Kelecevic, Nedelj"]
[Black "Schmittdiel, E."]
[Result "1/2-1/2"]
[WhiteElo "2403"]
[BlackElo "2449"]
[PlyCount "50"]
[EventDate "2004.10.16"]

1. d4 f5 2. g3 Nf6 3. Bg2 Nc6 4. Nf3 e6 5. c4 Bb4+ 6. Bd2 Qe7 7. O-O Bxd2 8.
Nbxd2 O-O 9. Qb3 a5 10. a3 d6 11. d5 Nd8 12. Rac1 a4 13. Qa2 Kh8 14. Nb1 Ne4
15. Nc3 Nc5 16. dxe6 Ndxe6 17. Rcd1 Bd7 18. Qb1 Bc6 19. Nd4 Nxd4 20. Rxd4 Nb3
21. Rdd1 Qf7 22. Qd3 Nc5 23. Qd4 Ne6 24. Qd2 Nc5 25. Qd4 Ne6 1/2-1/2

[Event "2. Bundesliga West 2004/2005"]
[Site "Salzburg"]
[Date "2005.03.06"]
[Round "11.5"]
[White "Pöttinger, Harald"]
[Black "Pilz, Dieter"]
[Result "1/2-1/2"]
[WhiteElo "2259"]
[BlackElo "2303"]
[PlyCount "21"]
[EventDate "2004.10.16"]

1. d4 Nf6 2. Nf3 e6 3. e3 b6 4. Bd3 Bb7 5. O-O Be7 6. c4 c5 7. Nc3 a6 8. b3 d5
9. Bb2 O-O 10. Qe2 cxd4 11. exd4 1/2-1/2